LEADER 01481nam a2200301 i 4500 001 000000108253 003 CaOOAMICUS 005 20240325170020.0 008 101215s1966 it u000 u ita u 013 $a80893 040 $aSeMil$bita 100 1 $aGuitton, Jean,$d<1901-1999>.$0(OLS)http://semarc/name/848 245 10$aTre saggi :$bIl problema di Gesu Cristo, Ateismo ed ecumenismo, Bergson e Teilhard de Chardin /$cJean Guitton. 260 $aBrescia :$bMorcelliana,$c1966. 300 $a91 p. ;$c19 cm. 490 0 $aUniversale moderna Morcelliana : questioni e problemi d'oggi ;$v26 600 04$aGesł Cristo.$0(OLS)http://semarc/subject/712 650 4$aBergson, Henri <1859-1941> - Cristologia.$0(OLS)http://semarc/subject/55294 650 4$aEcumenismo - Studi.$0(OLS)http://semarc/subject/13762 650 4$aAteismo - Cristianesimo.$0(OLS)http://semarc/subject/9584 650 4$aTeilhard de Chardin, Pierre - Cristologia.$0(OLS)http://semarc/subject/19065 830 0$aUniversale moderna Morcelliana ;$v26.$0(OLS)http://semarc/title/6311 850 $aSeMil 852 $aSeMil$W1$xVenegono$y1$m2D I 355$j64349$B64349$CSeMilBibl$Z2$F158397 $81 961 $aOmaggio: Calcaterra don Carlo 996 $6245$aTre saggi :$bIl problema di Gesu Cristo, Ateismo ed ecumenismo, Bergson e Teilhard de Chardin$9(OLS)http://semarc/title/156934 996 $6260$aBrescia :$bMorcelliana$9(OLS)http://semarc/publisher/29629 LEADER 01227nam a2200289 i 4500 001 000000073540 003 CaOOAMICUS 005 20250303101939.0 008 130116s1998 it u000 u ita u 013 $a44712 020 $a88-211-8949-X 040 $aSeMil$bita 100 1 $aMazzolari, Primo,$d<1890-1959>.$0(OLS)http://semarc/name/3525 240 10$aTre parabole natalizie.$0(OLS)http://semarc/title/118746 245 10$aParole per Natale /$cPrimo Mazzolari ; Con un saggio di Giancarlo Vigorelli. 260 $aGenova :$bMarietti 1820,$c1998. 300 $a57 p. ;$c25 cm. 650 04$aMazzolari, Primo - Meditazioni.$0(OLS)http://semarc/subject/17834 650 4$aNatale - Meditazioni.$0(OLS)http://semarc/subject/7608 700 1 $aVigorelli, Giancarlo,$d<1913-2005>.$0(OLS)http://semarc/name/6323 850 $aSeMil 852 $aSeMil$W1$xVenegono$y1$m2F VII 80$j254831$B39692$CSeMilBibl$Z2$F39696 $81 961 $aOmaggio: Casa editrice 996 $6020$a88-211-8949-X$9(OLS)http://semarc/number/53032 996 $6245$aParole per Natale$9(OLS)http://semarc/title/118745 996 $6260$aGenova :$bMarietti 1820$9(OLS)http://semarc/publisher/32400